Statistieken voor De 21 Beroemdste Landen van de Wereld

Klik hier om de quiz te nemen!

Algemene statistieken

  • Deze quiz is 9.671 keer genomen
    (8.466 sinds de laatste reset)
  • De gemiddelde score is 18 van 21

Antwoordstatistieken

%Land% Correct
91Verenigde Staten
98%
93China
96%
95Nederland
95%
93Duitsland
95%
93Frankrijk
95%
93Rusland
95%
93Spanje
93%
93België
92%
93Canada
89%
93Italië
88%
89Brazilië
87%
90Australië
84%
89Japan
83%
91Mexico
81%
92Portugal
80%
90Zweden
79%
89Noorwegen
76%
88India
72%
89Finland
69%
88Polen
69%
88Ierland
56%

Scoreverdeling

Percentiel versus Aantal Correcte Antwoorden

Procent van Mensen met Elke Score

Uw Scoregeschiedenis

U heeft deze quiz nog niet genomen sinds de laatste reset